000 00476cam a22001217a 4500
008 180718b1972 xxu||||| |||| 00| 0 eng d
082 _aA81x54 In2/71/5/PT10A&B/V
100 _aCensus of India 1971
245 _aGujarat district census handbook, Vadodara: town and village directory, village and townwise primary census abstract
260 _aAhmedabad
_bDirector of Census Operations
_c1972
300 _av.p.
440 _aCensus of India 1971. Series-5, Gujarat. Parts X-A & B
999 _c484966
_d484966